| 000 | 00969nac a22002171u 4500 | ||
|---|---|---|---|
| 008 | 100915t xxu||||| |||| 00| 0 eng d | ||
| 010 | _a 90049672 | ||
| 020 | _a0866120521 | ||
| 082 | 0 | 0 |
_a647.940683 _bKAV |
| 100 |
_aKavanaugh, Raphael R. _919284 |
||
| 245 | 1 | 0 |
_aSupervision in the Hospitality Industry / _cRaphael R. Kavanaugh, Jack D. Ninemeier. |
| 250 | _a2nd ed. | ||
| 260 |
_aEast Lansing, Mich. : _bEducational Institute of the American Hotel & Motel Association,1991 _c1991. |
||
| 300 |
_axii, 312 p.: _bill. ; _c30 cm. |
||
| 500 | _aRev. ed. of: Supervision in the hospitality industry / John P. Daschler, Jack D. Ninemeier. c1984. | ||
| 500 | _aIncludes index. | ||
| 650 | 0 |
_aHospitality industry _xPersonnel management. _919285 |
|
| 700 | 1 |
_aNinemeier, Jack D. _919286 |
|
| 942 |
_cBB _k647.940683KAV _2ddc |
||
| 999 |
_c4318 _d4318 |
||